Gaming Quiz

Random Gaming or Minecraft Quiz
Score 0/40 Timer 05:00
0 Plays Today
Item Minecraft, Terraria, Both, or Neither % Correct
Wood Wall???
85.5%
Zombie Horse???
84.9%
Santa???
84.6%
Better Water Physics???
84.6%
Your Face???
84.6%
Chocolate???
84.3%
Poop???
84%
Carrots???
84%
Zombie???
83.6%
Chicken???
83.6%
Dungeon???
83.6%
Gold???
83.6%
Diamond???
83.3%
Old Man???
83.3%
Cake???
83.3%
Wire???
83.3%
Spider Horse???
83.3%
Giant???
83.3%
Spiders???
83%
Dynamite (Not TNT)???
83%
Item Minecraft, Terraria, Both, or Neither % Correct
Door???
83%
Admantite???
83%
Ender Dragon???
82.7%
Evil Tacos???
82.7%
Cow???
82.7%
Workbench???
82.7%
TNT (Not Dynamite)???
82.4%
Skeleton Horse???
82.4%
First Person View???
82.4%
Golem???
82.1%
Iron Armor???
82.1%
Snowman???
82.1%
Achievements???
82.1%
Hornet???
81.8%
Eye of Cthulhu???
81.4%
Wither???
81.4%
Musket???
81.4%
Name Tag???
81.1%
Zombie Spider???
80.8%
Third Person View???
80.5%
Remove Ads.
Support Sporcle.
Get the best of Sporcle when you Go Orange. This ad-free experience offers more features, more stats, and more fun while also helping to support Sporcle. Thank you for becoming a member.

You're not logged in!

Compare scores with friends on all Sporcle quizzes.
OR
Log In

Show Comments

Extras

Created Dec 18, 2014ReportNominate
Tags:Minecraft Quiz, item, Neither

Top Quizzes Today


Score Distribution

Your Account Isn't Verified!

In order to create a playlist on Sporcle, you need to verify the email address you used during registration. Go to your Sporcle Settings to finish the process.

Report this User

Report this user for behavior that violates our Community Guidelines.

Details: